Are you a Ronaldo fan? - Statistiques

Statistiques générales
  • Ce quiz a été pris 18 fois
  • Le résultat moyen est 8 sur 15
Statistiques - réponses
Hint Réponse % Correct
How many clubs did Ronaldo play for? 5
94%
How many Ballon d'Or awards has he won? 5
94%
How many Champions league? 5
94%
What was his number at his debut for Real Madrid 9
71%
Current Club? Al-Nassr
71%
What is his nickname? CR7
65%
Who is the GOAT? Ronaldo
65%
Full Name? Cristiano Ronaldo dos Santos Aveiro
53%
Nationality? Portuguese
53%
How many games did Ronaldo play for Real Madrid as captain? 0
47%
What was his number at Sporting? 28
41%
Position? Forward
29%
How many goals for Real Madrid? 450
24%
How many games did Ronaldo play for Real Madrid as captain? 101
18%
date of birth? February 5, 1985
12%
Aucun quiz correspondant
Distribution des résultats
% des personnes avec chaque résultat
Percentile par nombre de réponses
Votre historique - résultats
Vous n’avez pas pris ce quiz